000 00528pab a2200169 454500
008 180718b2015 xxu||||| |||| 00| 0 eng d
100 _aLalfakzuala, Benjamin
245 _aRethinking urban governance: politics of public distribution system in Aizawl
260 _c2015
300 _ap.145-154.
362 _aNov
650 _aUrban development - India - Mizoram
650 _aPublic distribution system - India - Mizoram
650 _aPublic distribution system
773 _aAdministrative Studies
909 _a111209
999 _c111204
_d111204